| 000 | 00965nam a2200289 a 4500 | ||
|---|---|---|---|
| 003 | AR-BaBNM | ||
| 005 | 20251128205151.0 | ||
| 008 | 082120s2002 ||||||||||||||000 | spa|| | ||
| 020 | _a950-21-1009-9 | ||
| 040 | _cAR-BaBNM | ||
| 245 | 0 | 0 |
_aEntre nubes y huevos fritos _bantología de cuentos para niños |
| 260 |
_aBuenos Aires _bPlus Ultra _c1991 |
||
| 300 |
_a89 p. _bil. |
||
| 490 | 0 |
_aCuadernos de la poesía y el relato orales _vv. 17 |
|
| 500 | _aContiene cuentos de Edith Vera, María Luisa Cresta Leguizamón, Alicia Ares, Estela Nanni de Smania, Graciela D'lucca de Bialet, J. Martínez Gavier y Carlos Gabriel Schapira | ||
| 650 | 4 | _aLITERATURA ARGENTINA | |
| 650 | 4 | _aLITERATURA INFANTIL | |
| 650 | 4 | _aLITERATURA POPULAR | |
| 650 | 4 | _aCUENTOS DE ANIMALES | |
| 650 | 4 | _aANTOLOGIAS | |
| 653 | _aCUENTO MARAVILLOSO | ||
| 653 | _aNARRATIVA | ||
| 655 | _aLITERATURA | ||
| 700 | 1 |
_aAbed, Nelda _ecompilador |
|
| 942 | _cBK | ||
| 998 | _cMARTIN | ||
| 999 |
_c10263 _d10263 |
||